Central Library OPAC University of Rajshahi

Master Kung : (Record no. 33035)

MARC details
000 -LEADER
fixed length control field 00688cam a22002411 4500
001 - CONTROL NUMBER
control field 33035
003 - CONTROL NUMBER IDENTIFIER
rucl marc code BD-RjUL
005 - DATE AND TIME OF LATEST TRANSACTION
control field 20211209051933.0
008 - FIXED-LENGTH DATA ELEMENTS--GENERAL INFORMATION
fixed length control field 181029s1938 nyua 000 0 eng
035 ## - SYSTEM CONTROL NUMBER
System control number (BD-RjUL)33125
040 ## - CATALOGING SOURCE
Original cataloging agency DLC
Transcribing agency MeWC
Modifying agency BD-RjUL
Language of cataloging eng
041 ## - LANGUAGE CODE
Language code of text/sound track or separate title eng
082 00 - DEWEY DECIMAL CLASSIFICATION NUMBER
Classification number 181.112
Author mark and year CRM 1938
Edition number 23
100 1# - MAIN ENTRY--PERSONAL NAME
Personal name Crow, Carl,
Dates associated with a name 1883-1945.
9 (RLIN) 100385
245 10 - TITLE STATEMENT
Title Master Kung :
Remainder of title the story of Confucius /
Statement of responsibility, etc. by Carl Crow.
250 ## - EDITION STATEMENT
Edition statement 2nd ed.
260 ## - PUBLICATION, DISTRIBUTION, ETC. (IMPRINT)
Place of publication, distribution, etc. New York and London :
Name of publisher, distributor, etc. Harper & brothers,
Date of publication, distribution, etc. 1938
300 ## - PHYSICAL DESCRIPTION
Pagination 344 p. :
Illustrations ill. ;
Size 24 cm.
500 ## - GENERAL NOTE
General note "Illustrated"
650 #0 - SUBJECT ADDED ENTRY--TOPICAL TERM
Topical term or geographic name as entry element Confucius and Confucianism.
9 (RLIN) 94942
942 ## - ADDED ENTRY ELEMENTS (KOHA)
Source of classification or shelving scheme Dewey Decimal Classification
Koha item type Books
Holdings
Lost status Source of classification or shelving scheme Damaged status Not for loan Collection code Permanent Location Current Location Shelving location Date acquired Source of acquisition Cost, normal purchase price Total Checkouts Full call number Date last seen Copy number Koha item type
  Dewey Decimal Classification     Non-fiction Central Library, University of Rajshahi Central Library, University of Rajshahi   08/06/1965 Orientalia 4.50   181.112 CRM 1938 29/04/2014 C-2 Books
  Dewey Decimal Classification   Not For Loan Rare Books Central Library, University of Rajshahi Central Library, University of Rajshahi Rare Book Section 29/10/2018       RA 181.112 CRM 1938 29/10/2018 C-1 Rare Books